| 000 | 00402nam a2200145Ia 4500 | ||
|---|---|---|---|
| 008 | 230917s9999||||xx |||||||||||||| ||und|| | ||
| 040 |
_e169633 _aMAIN |
||
| 041 | _aEnglish | ||
| 082 | _a658.3 N213G:M | ||
| 100 | _aGhosh, Subratesh | ||
| 245 | 0 | _aCollective agreements in India: Recent Tremds | |
| 260 |
_aCalcutta _bNational Institute of Personnel Management _c1985 |
||
| 300 | _a64 p. | ||
| 942 | _cBK | ||
| 999 |
_c92066 _d92066 |
||